| 000 | 01414ngm a22004810a 4500 | ||
|---|---|---|---|
| 001 | PT42271 | ||
| 003 | AR-LpoUNG | ||
| 005 | 20210201235935.0 | ||
| 007 | vd cvaizq | ||
| 008 | 191001s2008||||ag |||||||||||||||||spa d | ||
| 037 | _c$3.35 | ||
| 040 |
_aAR-LpoUNG _bspa _cAR-LpoUNG _eaacr |
||
| 041 | _aspa | ||
| 044 | _aag | ||
| 082 | 0 | _a306.364 348cho | |
| 100 | 1 |
_aPaz, Miriam _edir. |
|
| 245 | 1 | 0 |
_aChokokue : _btrabajo, organización y lucha |
| 260 |
_aBuenos Aires : _bMiradas al Sur, _c2008. |
||
| 300 | _aDVD (60 min.) : son., col. | ||
| 505 | 0 | _aProducción: Bernardo Coronel | |
| 520 | _aUn viaje al interior del Paraguay campesino, la lucha por la tierra, por sus derechos, por mantener su identidad cultural y sus formas de producción frente al avance del modelo sojero agroexportador. | ||
| 650 | 4 | _aAGRICULTURA | |
| 650 | 4 | _aAGROINDUSTRIA | |
| 650 | 4 | _aCAMPESINADO | |
| 650 | 4 | _aCONDICIONES DE TRABAJO | |
| 650 | 4 | _aCULTURA | |
| 650 | 4 | _aDERECHO DEL TRABAJO | |
| 650 | 4 | _aIDENTIDAD CULTURAL | |
| 650 | 4 | _aPARAGUAY | |
| 650 | 4 | _aPARTICIPACION DE LOS TRABAJADORES | |
| 650 | 4 | _aTRABAJADORES | |
| 650 | 4 | _aTRABAJO | |
| 651 | 4 | _aParaguay | |
| 653 | _aCINE ARGENTINO | ||
| 653 | _aDOCUMENTALES | ||
| 653 | _aDVD | ||
| 653 | _aMODELO AGROEXPORTADOR | ||
| 653 | _aSOJA | ||
| 653 | _aVIDEOS | ||
| 700 | 1 |
_aKohen, Guillermo _edir. |
|
| 905 | _a42271 | ||
| 942 | _cDVD | ||
| 999 |
_c53816 _d53816 |
||